1916 1241 1835 1857 1399 1010 1333 1023 1875 1250 1537 1496 1573 1156 1779 1005 1078 1298 1255 1226 1072 1248 1689 1491 1224 1627 1742 1431 1555 1131 1422 1028 1383 1413 1482 1293 1876 1960 1813 1128 1191 1797 1878 1248 1816 1767 1516 1738 1121 1538 1790 1158 1372 1230 1569 1221 1113 1693 1245 1424 1319 1299 1985 1736 1187 1711 1105 1644 1987 1662 1232 1315 1901 1337 1948 1207 1952 1102 1543 1043 1112 1708 1622 1694 1225 1164 1239 1804 1487 1285 1903 1701 1999 1792 1642 1271 1588 1971 1330 BCNSPRNW ULIB Ver.6.0+V

เปลี่ยนเป็นภาษาไทย

Change to English
 แสดงรายละเอียดบรรณานุกรม
  กลับหน้าหลัก

Brief Record : Get Marc (ISO 2709) : E-mail record : QR code < ปิดหน้าต่าง
LEADER : 00000nam 2200000uu 4500
001    13399110631
003     ULIB
008    110606s2553||||th 000 0 tha d
020    9789744011770
060 04 WS460^bว712ก 2553
100 0  วิโรจน์ อารีย์กุล
245 10 การดูแลสุขภาพและการให้คำแนะนำวัยรุ่น =^bAdolescent healthcare and supervision /^cวิโรจน์ อารีย์กุล
246 31 Adolescent health care and supervision
250    พิมพ์ครั้งที่ 1
260    กรุงเทพฯ :^bกองกุมารเวชกรรม โรงพยาบาลพระมงกุฎเกล้า และภาควิชาเวชศาสตร์ทหารและชุมชน วิทยาลัยแพทยศาสตร์พระมงกุฎเกล้า,^c2553
300    275 หน้า :^bภาพประกอบ ;^c26 ซม.
650  7 วัยรุ่น^xสุขภาพและอนามัย
650  7 วัยรุ่น^xการให้คำปรึกษา
650  7 วัยรุ่น^xการดูแล
710 2  วิทยาลัยแพทยศาสตร์พระมงกุฎเกล้า.^bภาควิชาเวชศาสตร์ทหารและชุมชน
710 2  โรงพยาบาลพระมงกุฎเกล้า. ^bกองกุมารเวชกรรม
945    ^p500^l0^i028010
945    ^p500^l0^i028009
945    ^p500^l0^i028008
945    ^p500^l0^i038124
945    ^p500^l0^i038125
945    ^p500^l0^i038126
945    ^p500^l0^i038127
945    ^p500^l0^i038128
995    เกษร
999 ^a ใช้งานได้ทุกระบบ
รายการนี้ยังไม่มีแท็ก
คุณยังไม่ได้ล็อกอิน คุณสามารถมีกิจกรรมร่วมกับเว็บไซต์ได้ แต่ต้องล็อกอินก่อน ::
  ล็อกอิน

รายการสื่อสารสนเทศ

ลำดับที่ ประเภท เลขเรียก/บาร์โค้ด สถานที่ สถานะ
1. วิทยาศาสตร์การแพทย์ และสุขภาพ
หนังสือสำรอง
สถานะ=หนังสือสำรอง
WS460 ว712ก 2553 ฉ.1 
  Barcode: 028008
ห้องสมุดวิทยาเขตสวรรค์ประชารักษ์
►ส่วนจัดเก็บหนังสือเก่า สปร
บนชั้น
  ขอยืม
2. วิทยาศาสตร์การแพทย์ และสุขภาพ
วิทยาศาสตร์การแพทย์ และสุขภาพ
WS460 ว712ก 2553 ฉ.2 
  Barcode: 028009
ห้องสมุดวิทยาเขตสวรรค์ประชารักษ์
►ส่วนจัดเก็บหนังสือเก่า สปร
บนชั้น
  ขอยืม
3. วิทยาศาสตร์การแพทย์ และสุขภาพ
วิทยาศาสตร์การแพทย์ และสุขภาพ
WS460 ว712ก 2553 ฉ.3 
  Barcode: 028010
ห้องสมุดวิทยาเขตสวรรค์ประชารักษ์
►ส่วนจัดเก็บหนังสือเก่า สปร
บนชั้น
  ขอยืม
4. วิทยาศาสตร์การแพทย์ และสุขภาพ
วิทยาศาสตร์การแพทย์ และสุขภาพ
WS460 ว712ก 2553 ฉ.4 
  Barcode: 038124
ห้องสมุดวิทยาเขตสวรรค์ประชารักษ์
►ส่วนจัดเก็บหนังสือเก่า สปร
บนชั้น
  ขอยืม
5. วิทยาศาสตร์การแพทย์ และสุขภาพ
วิทยาศาสตร์การแพทย์ และสุขภาพ
WS460 ว712ก 2553 ฉ.5 
  Barcode: 038125
ห้องสมุดวิทยาเขตสวรรค์ประชารักษ์
►ส่วนจัดเก็บหนังสือเก่า สปร
บนชั้น
  ขอยืม
6. วิทยาศาสตร์การแพทย์ และสุขภาพ
วิทยาศาสตร์การแพทย์ และสุขภาพ
WS460 ว712ก 2553 ฉ.6 
  Barcode: 038126
ห้องสมุดวิทยาเขตสวรรค์ประชารักษ์
►ส่วนจัดเก็บหนังสือเก่า สปร
บนชั้น
  ขอยืม
7. วิทยาศาสตร์การแพทย์ และสุขภาพ
วิทยาศาสตร์การแพทย์ และสุขภาพ
WS460 ว712ก 2553 ฉ.7 
  Barcode: 038127
ห้องสมุดวิทยาเขตสวรรค์ประชารักษ์
►ส่วนจัดเก็บหนังสือเก่า สปร
บนชั้น
  ขอยืม
8. วิทยาศาสตร์การแพทย์ และสุขภาพ
วิทยาศาสตร์การแพทย์ และสุขภาพ
WS460 ว712ก 2553 ฉ.8 
  Barcode: 038128
ห้องสมุดวิทยาเขตสวรรค์ประชารักษ์
►ส่วนจัดเก็บหนังสือเก่า สปร
บนชั้น
  ขอยืม

รายการใกล้เคียง
    ผู้แต่ง [วิโรจน์ อารีย์กุล]

BibComment


ยังไม่เคยถูกคอมเมนท์

คอมเมนท์ทรัพยากรรายการนี้
  คอมเมนท์: การดูแลสุขภาพและก..


 Copyright 2026. Bcnsprnw @Library